[Event "Manizales op 28th"]
[Site "Manizales"]
[Date "2023.01.06"]
[Round "3"]
[White "Montoya, Duvan"]
[Black "Cajigas, Wenceslao Hernan"]
[Result "1-0"]
[WhiteElo "1755"]
[BlackElo "1554"]
[PlyCount "85"]
[EventDate "2023.01.05"]
[EventType "swiss"]
[EventRounds "8"]
[EventCountry "COL"]
[SourceTitle "CBM 212 Extra"]
[Source "ChessBase"]
[SourceDate "2023.03.31"]
[SourceVersion "1"]
[SourceVersionDate "2023.03.31"]
[SourceQuality "1"]

1. e4 c6 2. d4 d5 3. e5 Bf5 4. g4 Bg6 5. h4 h6 6. h5 Bh7 7. Nh3 e6 8. Nf4 Nd7 9. Bd3 Bxd3 10. Qxd3 Qc7 11. c3 0-0-0 12. Be3 Be7 13. Nd2 Bg5 14. Ng2 Bxe3 15. Nxe3 Ne7 16. f4 Kb8 17. c4 c5 18. cxd5 exd5 19. 0-0 c4 20. Qa3 Qb6 21. Qd6+ Qxd6 22. exd6 Nc6 23. Nxd5 Nxd4 24. Nxc4 Rhe8 25. Rad1 Nc6 26. Rfe1 Rf8 27. Ne7 Nb4 28. a3 Na6 29. b4 Nf6 30. Ne5 Ka8 31. Re2 Nb8 32. Nf5 g6 33. hxg6 Nxg4 34. Nxf7 Rd7 35. Re7 Rg8 36. g7 h5 37. Ne5 Nxe5 38. fxe5 h4 39. e6 Rdd8 40. Nh6 Nc6 41. Nxg8 Rxg8 42. Rf7 a6 43. Rf8+ 1-0

[Event "COL Subzt 2.3.4"]
[Site "Risarald"]
[Date "2021.11.28"]
[Round "9"]
[White "Montoya, Duvan"]
[Black "Ortiz Lopera, Miguel Angel"]
[Result "0-1"]
[WhiteElo "1843"]
[BlackElo "1503"]
[PlyCount "116"]
[EventDate "2021.11.23"]
[EventType "swiss"]
[EventRounds "9"]
[EventCountry "COL"]
[SourceTitle "CBM 205 Extra"]
[Source "ChessBase"]
[SourceDate "2022.01.31"]
[SourceVersion "1"]
[SourceVersionDate "2022.01.31"]
[SourceQuality "1"]

1. e4 e5 2. f4 exf4 3. Nf3 g5 4. Bc4 g4 5. Bxf7+ Kxf7 6. Ne5+ Ke8 7. Qxg4 Nf6 8. Qxf4 Nc6 9. Nxc6 dxc6 10. 0-0 Bc5+ 11. Kh1 Rf8 12. Qh4 Qe7 13. d3 Ng4 14. Qh5+ Kd8 15. Rxf8+ Qxf8 16. Bg5+ Be7 17. Nd2 Be6 18. Rf1 Qg7 19. Nf3 Kd7 20. Bxe7 Kxe7 21. Qc5+ Kd7 22. h3 b6 23. Qg5 Qxg5 24. Nxg5 Ne3 25. Rf6 Bxa2 26. c4 Rg8 27. Nxh7 Nxg2 28. e5 Bb1 29. Nf8+ Ke8 30. Ng6 Bxd3 31. Rxc6 Bxg6 32. Rxc7 Nf4 33. Kg1 Nxh3+ 34. Kg2 Bf5+ 35. Kf3 a5 36. c5 bxc5 37. Rxc5 a4 38. Rc4 Bd7 39. e6 Ng5+ 40. Ke3 Nxe6 41. Kd2 Ke7 42. Rb4 Kd6 43. Rh4 Rg3 44. Rh7 Bc6 45. Rh6 Bd5 46. Rh8 Kc5 47. Rh4 Bb3 48. Rh8 Kc4 49. Rc8+ Nc5 50. Rc7 Rg2+ 51. Ke3 Rxb2 52. Ra7 Kb4 53. Kd4 Rd2+ 54. Ke3 Rh2 55. Ra8 a3 56. Rb8+ Kc4 57. Ra8 a2 58. Ra7 Ba4 0-1

[Event "COL Subzt 2.3.4"]
[Site "Risarald"]
[Date "2021.11.24"]
[Round "2"]
[White "Jimenez Mendez, William"]
[Black "Montoya, Duvan"]
[Result "0-1"]
[WhiteElo "1548"]
[BlackElo "1843"]
[PlyCount "108"]
[EventDate "2021.11.23"]
[EventType "swiss"]
[EventRounds "9"]
[EventCountry "COL"]
[SourceTitle "CBM 205 Extra"]
[Source "ChessBase"]
[SourceDate "2022.01.31"]
[SourceVersion "1"]
[SourceVersionDate "2022.01.31"]
[SourceQuality "1"]

1. e4 d6 2. d4 Nf6 3. Nc3 g6 4. Be3 Bg7 5. Qd2 Ng4 6. Bg5 h6 7. Bh4 c5 8. dxc5 dxc5 9. Qxd8+ Kxd8 10. Rd1+ Nd7 11. Nf3 g5 12. Bg3 Bxc3+ 13. bxc3 Ke8 14. e5 f6 15. exf6 Ngxf6 16. Bb5 Kf7 17. 0-0 a6 18. Bd3 b6 19. Rfe1 e6 20. Re2 Re8 21. c4 Ra7 22. Rde1 Nh5 23. Bf5 Ng7 24. Bd3 Kf6 25. Nd2 Bb7 26. Be4 Nf5 27. Bxb7 Rxb7 28. Ne4+ Kf7 29. c3 Nf6 30. Nd2 Rd7 31. Nf3 Rdd8 32. Bc7 Rc8 33. Ne5+ Ke7 34. Bxb6 Nd7 35. Ba5 Nxe5 36. Rxe5 Kd6 37. R5e2 Rb8 38. Rd1+ Kc6 39. Red2 g4 40. Rd7 Re7 41. Rd8 Rxd8 42. Rxd8 Rd7 43. Kf1 Nd6 44. Rxd7 Kxd7 45. Ke2 Nxc4 46. Bb4 cxb4 47. cxb4 Kc6 48. Kd3 Kd5 49. f4 gxf3 50. gxf3 Ne5+ 51. Ke3 Nc6 52. a3 Nd4 53. a4 Nc2+ 54. Kf4 Nxb4 0-1

[Event "COL-ch U2000"]
[Site "Pereira"]
[Date "2019.03.25"]
[Round "9"]
[White "Gonzalez, Leandro"]
[Black "Montoya, Duvan"]
[Result "0-1"]
[WhiteElo "1742"]
[BlackElo "1889"]
[PlyCount "82"]
[EventDate "2019.03.21"]
[EventType "swiss"]
[EventRounds "9"]
[EventCountry "COL"]
[SourceTitle "CBM 189 Extra"]
[Source "ChessBase"]
[SourceDate "2019.06.03"]
[SourceVersion "1"]
[SourceVersionDate "2019.06.03"]
[SourceQuality "1"]

1. e4 d6 2. d4 Nf6 3. Nc3 g6 4. Nf3 Bg7 5. Be3 Ng4 6. Qd2 Nxe3 7. Qxe3 c6 8. 0-0-0 0-0 9. h3 a6 10. g4 b5 11. Kb1 Nd7 12. h4 Nf6 13. g5 Nh5 14. Ne2 Qb6 15. Nf4 e5 16. Nxh5 exd4 17. Nxd4 gxh5 18. Nf5 Qxe3 19. Nxe3 Be5 20. Be2 f5 21. exf5 Bxf5 22. Rdf1 Bg6 23. Ng2 Bf4 24. Nxf4 Rxf4 25. Kc1 Re8 26. Bd3 c5 27. Kd2 c4 28. Bxg6 hxg6 29. f3 d5 30. c3 Kf7 31. Rh3 d4 32. cxd4 Rd8 33. d5 Rxd5+ 34. Ke3 Rdd4 35. Rfh1 Ke6 36. R1h2 Kf5 37. Rh1 Rd3+ 38. Ke2 Rfd4 39. R3h2 Kf4 40. Rh3 Re3+ 41. Kf2 Rd2+ 0-1

[Event "Manizales op 26th"]
[Site "Manizales"]
[Date "2017.01.07"]
[Round "6"]
[White "Chavez Duero, Brayan Steven"]
[Black "Montoya, Duvan"]
[Result "1/2-1/2"]
[WhiteElo "1693"]
[BlackElo "1975"]
[PlyCount "117"]
[EventDate "2017.01.04"]
[EventType "swiss"]
[EventRounds "9"]
[EventCountry "COL"]
[SourceTitle "CBM 176 Extra"]
[Source "ChessBase"]
[SourceDate "2017.03.02"]
[SourceVersion "1"]
[SourceVersionDate "2017.03.02"]
[SourceQuality "1"]

1. e4 d6 2. d4 Nf6 3. Nc3 g6 4. Bg5 c6 5. e5 dxe5 6. dxe5 Qxd1+ 7. Rxd1 Nfd7 8. f4 f6 9. exf6 exf6 10. Bh4 Bh6 11. Ne4 0-0 12. Bc4+ Kg7 13. Ne2 Nb6 14. Bb3 Bg4 15. Bxf6+ Rxf6 16. Nxf6 Kxf6 17. g3 N8d7 18. h3 Bf3 19. Rf1 Bxe2 20. Kxe2 Re8+ 21. Kf3 Bf8 22. Rfe1 Rxe1 23. Rxe1 Nc5 24. Re8 Be7 25. g4 Nxb3 26. axb3 Nd7 27. Ra8 Bc5 28. b4 Bb6 29. c4 c5 30. bxc5 Bxc5 31. Re8 Nf8 32. Re1 b6 33. g5+ Kf7 34. Ke4 Ne6 35. Rf1 a5 36. h4 Nd4 37. Rd1 Nf5 38. Rd7+ Ke6 39. Rxh7 Nd6+ 40. Kd3 Kf5 41. h5 gxh5 42. Rxh5 Kg6 43. Rh6+ Kg7 44. Rf6 Ne8 45. Re6 Nd6 46. b3 Kf7 47. Rf6+ Kg7 48. f5 Ne8 49. Re6 Nd6 50. Re7+ Kf8 51. f6 Nf7 52. g6 Bxe7 53. fxe7+ Kxe7 54. gxf7 Kxf7 55. Kd4 Ke6 56. c5 b5 57. c6 Kd6 58. c7 Kxc7 59. Kc5 1/2-1/2

[Event "Manizales op 26th"]
[Site "Manizales"]
[Date "2017.01.04"]
[Round "1"]
[White "Ramirez Arias, Jacobo"]
[Black "Montoya, Duvan"]
[Result "0-1"]
[WhiteElo "1301"]
[BlackElo "1975"]
[PlyCount "80"]
[EventDate "2017.01.04"]
[EventType "swiss"]
[EventRounds "9"]
[EventCountry "COL"]
[SourceTitle "CBM 176 Extra"]
[Source "ChessBase"]
[SourceDate "2017.03.02"]
[SourceVersion "1"]
[SourceVersionDate "2017.03.02"]
[SourceQuality "1"]

1. e4 d6 2. d4 Nf6 3. Nc3 g6 4. Nf3 Bg7 5. Bg5 c6 6. e5 dxe5 7. dxe5 Qxd1+ 8. Rxd1 Ng4 9. Bf4 Nd7 10. e6 fxe6 11. Ng5 Nb6 12. h3 Nf6 13. a4 Nfd5 14. Nxd5 exd5 15. a5 0-0 16. Bc1 Na4 17. c3 e5 18. Bd3 e4 19. Bc2 Nc5 20. Be3 Na6 21. h4 h6 22. Nh3 Nc7 23. Nf4 Bf5 24. Ke2 Kh7 25. Rdg1 h5 26. Bd1 Be5 27. Kd2 Ne6 28. Nxe6 Bxe6 29. g4 hxg4 30. Bxg4 Bf5 31. h5 Rh8 32. Bxf5 gxf5 33. Rg5 Raf8 34. h6 Rhg8 35. Rhh5 Rxg5 36. Rxg5 Bf6 37. Rg2 a6 38. b3 f4 39. Bxf4 Bxc3+ 40. Ke3 Rf7 0-1

[Event "Villamaria op 2nd"]
[Site "Villamaria"]
[Date "2016.07.03"]
[Round "5"]
[White "Nieto Medina, Agustin"]
[Black "Montoya, Duvan"]
[Result "1-0"]
[WhiteElo "2067"]
[BlackElo "1975"]
[PlyCount "139"]
[EventDate "2016.07.02"]
[EventType "swiss"]
[EventRounds "7"]
[EventCountry "COL"]
[SourceTitle "CBM 173 Extra"]
[Source "ChessBase"]
[SourceDate "2016.08.29"]
[SourceVersion "1"]
[SourceVersionDate "2016.08.29"]
[SourceQuality "1"]

1. e4 d6 2. d4 Nf6 3. Bd3 Nc6 4. Nf3 Bg4 5. Be3 g6 6. c3 Bg7 7. Nbd2 0-0 8. h3 Bd7 9. d5 Ne5 10. Nxe5 dxe5 11. Nf3 Ne8 12. Qd2 Nd6 13. Bh6 f5 14. Bxg7 Kxg7 15. Nxe5 fxe4 16. Be2 Nf5 17. 0-0-0 e3 18. fxe3 Ng3 19. Nxd7 Qxd7 20. Qd4+ Rf6 21. Rhe1 Qf5 22. Bf3 a5 23. e4 Qf4+ 24. Qd2 Qe5 25. Qd4 Qf4+ 26. Kb1 Raa6 27. e5 Qxd4 28. Rxd4 Rf8 29. d6 cxd6 30. exd6 exd6 31. Re7+ Rf7 32. Rxf7+ Kxf7 33. Bxb7 Rb6 34. Bf3 Ke6 35. a4 Nf5 36. Bg4 d5 37. Bxf5+ gxf5 38. g4 fxg4 39. Rxg4 Rb7 40. b4 Kd6 41. Kc2 Rf7 42. Rh4 Ra7 43. b5 Rc7 44. Kd3 Rf7 45. Kd4 Rf6 46. b6 h6 47. b7 Kc7 48. Kc5 Kxb7 49. Kb5 Rc6 50. Kxa5 Rxc3 51. Rxh6 Rb3 52. h4 d4 53. Rd6 d3 54. h5 d2 55. Rxd2 Kc6 56. Rd8 Rb7 57. Ra8 Rf7 58. h6 Re7 59. Rc8+ Kb7 60. Rc5 Rf7 61. Rh5 Rh7 62. Kb5 Kc7 63. Kc5 Kd7 64. a5 Kc7 65. a6 Kc8 66. Kd6 Kb8 67. Ke6 Kc7 68. Kf6 Kd6 69. a7 Rh8 70. h7 1-0

[Event "Risarald op"]
[Site "Risarald"]
[Date "2015.06.14"]
[Round "4"]
[White "Perez, William"]
[Black "Montoya, Duvan"]
[Result "1-0"]
[WhiteElo "1711"]
[BlackElo "2050"]
[PlyCount "87"]
[EventDate "2015.06.12"]
[EventType "swiss"]
[EventRounds "7"]
[EventCountry "COL"]
[SourceTitle "CBM 167 Extra"]
[Source "ChessBase"]
[SourceDate "2015.09.14"]
[SourceVersion "1"]
[SourceVersionDate "2015.09.14"]
[SourceQuality "1"]

1. c4 Nf6 2. Nc3 g6 3. g3 Bg7 4. Bg2 c6 5. d4 d5 6. cxd5 cxd5 7. Qb3 e6 8. Nf3 Nc6 9. 0-0 0-0 10. Bf4 Nh5 11. Bg5 f6 12. Bd2 f5 13. e3 Na5 14. Qb4 Nc4 15. Rac1 g5 16. Ne2 a5 17. Qc3 Bd7 18. b3 Nd6 19. Qc7 Bb5 20. Rfe1 Ne4 21. Qxd8 Rfxd8 22. Nc3 Bd3 23. Nxe4 dxe4 24. Nxg5 e5 25. Ne6 Rdc8 26. Nxg7 Nxg7 27. dxe5 b6 28. Bf1 Rd8 29. Bc3 Ne6 30. Red1 Rac8 31. Bb2 Nc5 32. Bd4 Bxf1 33. Kxf1 Nd3 34. Bxb6 Rxc1 35. Rxc1 Nxc1 36. Bxd8 Nxa2 37. Bxa5 Nc1 38. b4 Kf7 39. b5 Nd3 40. Bc7 Ke6 41. b6 Nc5 42. Ke2 Kd7 43. f3 Ne6 44. f4 1-0

[Event "Manizales op 24th"]
[Site "Manizales"]
[Date "2014.01.11"]
[Round "7"]
[White "Ortegon, Juan Carlos"]
[Black "Montoya, Duvan"]
[Result "1-0"]
[WhiteElo "1887"]
[BlackElo "2071"]
[PlyCount "182"]
[EventDate "2014.01.08"]
[EventType "swiss"]
[EventRounds "8"]
[EventCountry "COL"]
[SourceTitle "CBM 158 Extra"]
[Source "ChessBase"]
[SourceDate "2014.02.28"]
[SourceVersion "1"]
[SourceVersionDate "2014.02.28"]
[SourceQuality "1"]

1. e4 Nf6 2. e5 Nd5 3. d4 e6 4. c4 Nb6 5. f4 f5 6. Nf3 Be7 7. Nc3 0-0 8. Be3 d5 9. c5 N6d7 10. b4 b6 11. Be2 c6 12. 0-0 Na6 13. Qa4 b5 14. Qb3 Rb8 15. Kh1 h6 16. g3 Nc7 17. a4 a6 18. a5 Kf7 19. h3 Rg8 20. h4 Nf8 21. Rf2 Nh7 22. Rh2 Bd7 23. Rg1 Ne8 24. g4 g6 25. Bd3 Ng7 26. Qb1 h5 27. gxf5 Nxf5 28. Bf2 Qf8 29. Bxf5 gxf5 30. Ng5+ Nxg5 31. fxg5 Rg6 32. Qd1 Qh8 33. Ne2 Qh7 34. Ng3 Rh8 35. Be3 Kg7 36. Bf4 Bd8 37. Re2 Kf7 38. Re3 Bc8 39. Qc2 Bd7 40. Rge1 Rg7 41. Kh2 Qg6 42. Qf2 Rgh7 43. Rg1 Rg8 44. Re2 Bc7 45. Bd2 Kg7 46. Ree1 Rf8 47. Ne2 Rhh8 48. Nf4 Bc8 49. Ref1 Bd7 50. Be1 Bc8 51. Qc2 Bd7 52. Qd1 Bc8 53. Bg3 Bd7 54. Rf3 Bc8 55. Rf2 Bd7 56. Qe2 Re8 57. Rgf1 Bc8 58. Kh1 Bd7 59. Rf3 Kf7 60. Kh2 Bc8 61. Kh1 Bd7 62. Qh2 Bc8 63. R1f2 Rhf8 64. Qg1 Re7 65. Qf1 Kg7 66. Bh2 Ref7 67. Ne2 Kh7 68. Ng3 Kg7 69. Rf4 Re7 70. Qe2 Rh8 71. Rf1 Bd7 72. R4f2 Bc8 73. Qd3 Rf7 74. Ne2 Bd7 75. Nf4 Rff8 76. Nxg6 Kxg6 77. Rxf5 Rxf5 78. Rxf5 Bc8 79. Qf3 exf5 80. Qe2 Bb8 81. e6 Bxh2 82. Kxh2 Re8 83. e7 Kf7 84. Qe5 Rxe7 85. Qf6+ Ke8 86. g6 Be6 87. g7 f4 88. Qxe6 Rxe6 89. g8Q+ Kd7 90. Qh7+ Ke8 91. Qxh5+ Ke7 1-0